| 000 | 00555nam a22001817a 4500 | ||
|---|---|---|---|
| 005 | 20230303080050.0 | ||
| 008 | 230303b |||||||| |||| 00| 0 eng d | ||
| 020 | _a978-1-64249-475-4 | ||
| 082 | _a809.1 G571 2018 | ||
| 100 |
_aGnanasekaran, D. _eauthor |
||
| 245 |
_aStylistics of poetry: _ba practical approach / _cDr. D. Gnanasekaran |
||
| 260 |
_aChennai, IN: _bNotion Press, _cc2018 |
||
| 300 | _a[vii], 123p. | ||
| 504 | _aIncludes bibliographical references and index | ||
| 541 | _e6499 | ||
| 650 | _aPoetry - Authorship | ||
| 650 | _aLiterary style | ||
| 999 |
_c1569 _d1569 |
||